000 01043cam a22001934a 4500
005 20250605164116.0
008 250528s ||||||||||||||||||||||||d
035 _a18079
020 _a262180456
040 _aGR-AtMCL
_bgre
_dGR-AtMCL
_eAACR2
245 1 _aElectric Money / Evolution of an Electronic Funds-Transfer System
260 _bThe MIT Press,
_c1970
300 _a188
520 _aForeword, Preface, Introduction, The Evolution of Innovation in Payment Media Systems, The History of Payment Media Systems in the United States, The Prent System of Payment Media in the United States, The Evolution and Current Status of the Nonbank Credit Card, Bank Credit Cards and Preauthorized Payment Systems, An Electronic Funds Transfer System, The Implications of a Future Electronic Funds-Transfer System for Commercial Baking and Other Industries,The Implications of Electronic Funds Tranfer for Monetary Policy, Summary and Conclusions.
700 1 _aRichardson Dennis W
_94363
942 _cBK
999 _c3466
_d3466